000 00678nam a2200229Ia 4500
003 OSt
005 20220926012008.0
006 a|||||r|||| 00| 0
007 ta
008 220923b |||||||| |||| 00| 0 eng d
037 _cGeneral Book
040 _aRTL
_cRTL
_beng
041 _2eng
_aeng
082 _aX:89F, K8
100 _aDoenges R. Conrad et al
_9315357
245 0 _aCase problems in financial management
260 _aNew York
_bAppleton Century Crofts U. S. A.
_c1968
300 _aviii, 175p. Appendix p.170-75
_ccm.
650 _aAccounting Management
942 _hX:89F, K8
_cGB
_2CC
999 _c621463
_d621463